000 01252cam a22003494a 4500
001 1883
003 FISKH
005 20231006140036.0
008 020405s2002 nyua b 001 0 eng
010 _a 2002005488
020 _a9780516274881
040 _aDLC
_cDLC
_dDLC
_beng
042 _apcc
_alcac
050 0 0 _aJK1978
_b.M868 2002
082 0 0 _a324.6/3/0973
_221
100 1 _aMurphy, Patricia J.,
_d1963-
245 1 0 _aElection day /
_cby Patricia J. Murphy ; consultants, Nancy Vargus, Katharine A. Kane.
260 _aNew York :
_bScholastic,
_c2002.
300 _a31 pages :
_bcolor illustrations ;
_c19 cm.
440 0 _aRookie read-about holidays
505 _aO
520 _aExplains the importance of voting, different methods of voting, and how voting helps us take part in our government.
521 8 _a610
_bLexile
521 8 _aO
_bRaz-Plus
650 0 _aElections
_zUnited States
_xHistory
_vJuvenile literature.
650 0 _aElection Day
_xHistory
_vJuvenile literature.
650 1 _aElections.
650 1 _aElection Day.
906 _a7
_bcbc
_corignew
_d1
_eecip
_f20
_gy-gencatlg
942 _2ddc
_cBK
_n0
999 _c1883
_d1883